000 01070nam a2200301 c 4500
003 BLK
005 20210527090047.0
008 180413b bul|||||r ||||||| ||bul||
010 _aKNG00023633000
020 _a954-733-008-Х
_bиздат.: Прозорец
040 _aBLK
041 _aBUL
_cBUL
080 _aАмериканска литература (на САЩ)
_b821.111(73)
_x-31
_z821.111(73)-31
100 1 _aСтайнбек, Джон
_eпърви автор
_9251302
139 _aСтайнбек, Джон
_bС 62
245 1 0 _aКъм един незнаен бог
_bРоман
_cДжон Стайнбек.
257 _aUSA
260 София
_bПрозорец
_c1998
_fСофия : Балкан прес
300 _a224 с.
_c20 см
380 _aX
490 1 _aСветовни романи
500 _aОриг. загл. To a god unknown / John Steinbeck. - 1 600 тир.
852 _aЦб 197329
856 4 _qpdf
_u
856 4 _qpdf
_u
942 _cKNG
_n0
_08
944 _aCR
_c15.01.2003
_kAB_DOS
944 _aED
_c13.02.2018
_kНора_Радева
999 _c21356
_d21356